000 00725nam a2200229Ia 4500
003 OSt
005 20230619150752.0
008 210423s2013 xx 000 0 und d
020 _a978-93-5142-088-0
040 _cAL
041 _aeng
082 _a543.07 CHAI
100 _aCHATWAL (Gurdeep R);ANAND (Sham K)
_9103051
245 _aInstrumental methods of chemical analysis: analytical chemistry
_cANAND (Assem);ARORA (M)
260 _aNew Delhi
_bHimalaya Publishing House
_c2013
300 _axiv,2.780p
_bPB
365 _b450
_cINR
650 _aAnalytical Chemistry
_9103052
650 _aChemistry
_9103053
906 _aanalysis: ; analytical ; chemical ; chemistry ; Instrumental ; methods
942 _2ddc
_cBK
999 _c165996
_d165996